000
00295nam a22001337a 4500
008
170202b xxu||||| |||| 00| 0 eng d
020
_a
0721694195
041
_a
eng
080
_a
61
100
_a
3
101
_a
SHM
245
_a
SAUNDERS MANUAL OF CRITICAL CARE
_c
KRUSE, J.A
942
_2
udc
_c
BK
999
_c
4300
_d
4300